• 首页
  • 本馆介绍
  • 公告通知
  • 最新文献
  • 馆藏检索
  • 电子资源
  • 读者导购
  • 参考咨询
  • 我的图书馆
  • 登录
  • 详细信息显示
  • 放入我的书架
  • 预约/预借图书
  • 作者相关作品
  • 分类相关作品
  • 丛书相关作品
  • 出版社相关作品

书目信息

  • 表格格式
  • 工作单格式
  • 卡片格式
题名:
大学生美育
    
 
作者: 薛国庆 主编
分册:  
出版信息: 北京   中共中央党校出版社  2017
页数: 224页
开本: 26cm
丛书名:
单 册:
中图分类: G40-014
科图分类:
主题词: 大学生--美学教育--高等教育--教材
电子资源:
ISBN: 978-7-5035-6202-0
000 00764nam0 2200241 450
001 012001004400
005 20131017103011.0
010    @a978-7-5035-6202-0@dCNY45.00
100    @a20190516d2017 em y0chiy50 ea
101 0  @achi
102    @aCN@b110000
105    @aa z 000yy
106    @ar
200 1  @a大学生美育@9da xue sheng mei yu@f薛国庆主编
210    @a北京@c中共中央党校出版社@d2017
215    @a224页@c图@d26cm
300    @a普通高等教育“十三五”规划教材
330    @a本书共分四个模块,包括:艺术与审美、世界著名艺术经典、文学修养与大学生活、美学与人生。
606 0  @a大学生@x美学教育@x高等教育@j教材
690    @aG40-014@v5
701  0 @a薛国庆@9xue guo qing@4主编
801  0 @aCN@b江苏凤凰@c20191020
905    @b1223108-11@dG40-014@e1063@f4
    
    大学生美育/薛国庆主编.-北京:中共中央党校出版社,2017
    224页:图;26cm
    普通高等教育“十三五”规划教材
    
    ISBN 978-7-5035-6202-0:CNY45.00
    本书共分四个模块,包括:艺术与审美、世界著名艺术经典、文学修养与大学生活、美学与人生。
●
相关链接 在E读中查询图书 在五车中查询图书 在当当中查询图书 在豆瓣中查询图书


正题名:大学生美育     索取号:G40-014/1063         预约/预借

序号 登录号 条形码 馆藏地/架位号 状态 备注
1 1223108   212231084   第一样本阅览室/ [索取号:G40-014/1063] 在馆    
2 1223109   212231093   教育系资料室/ [索取号:G40-014/1063] 在馆    
3 1223110   212231100   教育系资料室/ [索取号:G40-014/1063] 在馆    
4 1223111   212231119   第四借阅区/ [索取号:G40-014/1063] 在馆    
唐山师范学院图书馆 欢迎您!
大连网信软件有限公司© 版权所有